000 00410 a2200157 4500
001 186031
020 _a85-7160-292-1
040 _cMagnum
100 _aRocha, Rosa Margarida de Carvalho
240 1 0 _aAlmanaque pedagógico afrobrasileiro
_lpor
245 1 0 _aAlmanaque pedagógico afrobrasileiro
300 _a167
440 1 _aScipione
697 _aEDUCAÇÃO EM GERAL E DISCIPLINAS AFINS
942 _cBK
999 _c186031
_d186031